Data mining tools for malware detection (Record no. 414)

MARC details
000 -LEADER
fixed length control field 00229 a2200097 4500
020 ## - INTERNATIONAL STANDARD BOOK NUMBER
International Standard Book Number 9781439854549
100 ## - MAIN ENTRY--PERSONAL NAME
Personal name Masud, Mehedy.
245 ## - TITLE STATEMENT
Title Data mining tools for malware detection
260 ## - PUBLICATION, DISTRIBUTION, ETC.
Name of publisher, distributor, etc. CRC Press
Date of publication, distribution, etc. c2012.
942 ## - ADDED ENTRY ELEMENTS (KOHA)
Source of classification or shelving scheme Dewey Decimal Classification
Koha item type
Holdings
Withdrawn status Lost status Damaged status Not for loan Collection Home library Current library Shelving location Date acquired Barcode Date last seen Price effective from Koha item type
        Reference Centerville Centerville General stacks 12/04/2014 39999000018233 12/04/2014 12/04/2014 Books
        Reference Centerville Centerville General stacks 12/04/2014 39999000018271 12/04/2014 12/04/2014 Books
        Reference Midway Midway General stacks 12/04/2014 39999000018257 12/04/2014 12/04/2014 Books